| 000 | 01258nam0a2200337 i 4500 | ||
|---|---|---|---|
| 001 | RU\NLR\BIBL_A\010787496 | ||
| 005 | 20260405204424.0 | ||
| 010 | _a9785990208438 | ||
| 021 |
_aRU _b2015-38657 _92294 |
||
| 035 | _a(NILC)RuMoRGB-007939047 | ||
| 035 | _a(NLR Aleph) 010787496 | ||
| 090 |
_a10099127 _c10099127 |
||
| 100 | _a20150623d2015 u y0rusy50 ca | ||
| 101 | 0 | _arus | |
| 102 | _aRU | ||
| 105 | _aac||z|||000yy | ||
| 200 | 1 |
_aЯпонские свечи _eособенности применения _f[Гусев В.П.] |
|
| 210 |
_aМосква _c[б. и.] _d2015 |
||
| 215 |
_a307 с. _cил., портр. _d24 |
||
| 300 | _aНа обл. авт.: Гусев В.П. | ||
| 320 | _aБиблиогр.: с. 307 (19 назв.) | ||
| 606 | 1 |
_aРынки финансовые _xГрафический анализ _92196000 _3RU\NLR\AUTH\661319821 |
|
| 610 | 0 | _a"японские свечи" | |
| 686 | 1 | _aУ26(0)229.5 | |
| 702 | 1 |
_4220 _8rus _7ca _aГусев _bВ. П. _cэкономист _gВладимир Павлович _3RU\NLR\AUTH\7791720 _974647 |
|
| 801 | 0 |
_aRU _bРГБ _c20150526 _gRCR |
|
| 801 | 1 |
_aRU _bРГБ _c20150526 _2rusmarc |
|
| 942 | _cBOOK | ||
| 980 | _aNBR | ||